TH-MS-Effects of curcumin on cognitive deficits in young audiovisually overstimulated mice (Record no. 480757)
[ view plain ]
| 000 -LEADER | |
|---|---|
| fixed length control field | 00599nam a22001937a 4500 |
| 003 - CONTROL NUMBER IDENTIFIER | |
| control field | ASAB |
| 005 - DATE AND TIME OF LATEST TRANSACTION | |
| control field | 20180827062822.0 |
| 008 - FIXED-LENGTH DATA ELEMENTS--GENERAL INFORMATION | |
| fixed length control field | 180330t xxu||||| |||| 00| 0 eng d |
| 040 ## - CATALOGING SOURCE | |
| Transcribing agency | ASAB |
| 082 ## - DEWEY DECIMAL CLASSIFICATION NUMBER | |
| Classification number | Thesis 2016 SJ |
| 100 ## - MAIN ENTRY--PERSONAL NAME | |
| Personal name | Sana Javed-sup- Dr. Touqeer Ahmed |
| 9 (RLIN) | 3585 |
| 245 ## - TITLE STATEMENT | |
| Title | TH-MS-Effects of curcumin on cognitive deficits in young audiovisually overstimulated mice |
| Statement of responsibility, etc. | Sana Javed-sup- Dr. Touqeer Ahmed |
| 250 ## - EDITION STATEMENT | |
| Edition statement | 2016 |
| 260 ## - PUBLICATION, DISTRIBUTION, ETC. | |
| Place of publication, distribution, etc. | Islamabad. |
| Name of publisher, distributor, etc. | ASAB NUST |
| Date of publication, distribution, etc. | 2016 |
| 300 ## - PHYSICAL DESCRIPTION | |
| Extent | xii, 75 p |
| 630 ## - SUBJECT ADDED ENTRY--UNIFORM TITLE | |
| Uniform title | Healthcare Biotechnology |
| 9 (RLIN) | 3586 |
| 630 ## - SUBJECT ADDED ENTRY--UNIFORM TITLE | |
| Uniform title | Curcumin |
| 9 (RLIN) | 3587 |
| 942 ## - ADDED ENTRY ELEMENTS (KOHA) | |
| Source of classification or shelving scheme | |
| Koha item type | |
| Withdrawn status | Lost status | Source of classification or shelving scheme | Damaged status | Not for loan | Permanent Location | Current Location | Date acquired | Total Checkouts | Full call number | Barcode | Date last seen | Price effective from | Koha item type |
|---|---|---|---|---|---|---|---|---|---|---|---|---|---|
| Atta-ur-Rahman School of Applied Biosciences (ASAB) | Atta-ur-Rahman School of Applied Biosciences (ASAB) | 03/30/2018 | Thesis 2016 SJ | ASABMS-32-16 | 03/30/2018 | 03/30/2018 |
